Productivity theory for industrial engineering (Record no. 78636)
[ view plain ]
| 000 -LEADER | |
|---|---|
| fixed length control field | 00725nam a22002297a 4500 |
| 003 - CONTROL NUMBER IDENTIFIER | |
| control field | CBULib |
| 005 - DATE AND TIME OF LATEST TRANSACTION | |
| control field | 20231025121836.0 |
| 008 - FIXED-LENGTH DATA ELEMENTS--GENERAL INFORMATION | |
| fixed length control field | 230725b |||||||| |||| 00| 0 eng d |
| 020 ## - INTERNATIONAL STANDARD BOOK NUMBER | |
| International Standard Book Number | 9781138483217 |
| 040 ## - CATALOGING SOURCE | |
| Original cataloging agency | Library of Congress |
| Language of cataloging | English |
| Transcribing agency | CBULib |
| Description conventions | rda |
| 041 ## - LANGUAGE CODE | |
| Language code of sung or spoken text | eng |
| 050 ## - LIBRARY OF CONGRESS CALL NUMBER | |
| Classification number | T 58.8 Usu |
| 100 ## - MAIN ENTRY--PERSONAL NAME | |
| Personal name | Usubamatov, Ryspek |
| 9 (RLIN) | 233 |
| 245 ## - TITLE STATEMENT | |
| Title | Productivity theory for industrial engineering |
| Statement of responsibility, etc | / by Ryspek Usubamatov |
| 260 ## - PUBLICATION, DISTRIBUTION, ETC. (IMPRINT) | |
| Name of publisher, distributor, etc | CRC Press, |
| Date of publication, distribution, etc | [2018] |
| Place of publication, distribution, etc | USA : |
| 300 ## - PHYSICAL DESCRIPTION | |
| Extent | xvi, 258 pages: illustrations |
| 336 ## - CONTENT TYPE | |
| Source | rdacontent |
| Content type term | Text | |
| Content type code | txt |
| 337 ## - MEDIA TYPE | |
| Source | rdacontent |
| Media type term | Unmediated | |
| Media type code | n |
| 338 ## - CARRIER TYPE | |
| Source | rdacarrier |
| Carrier type term | Volume |
| Carrier type code | nb |
| 650 #0 - SUBJECT ADDED ENTRY--TOPICAL TERM | |
| Source of heading or term | Library of Congress |
| 9 (RLIN) | 236 |
| Topical term or geographic name as entry element | INDUSTRIAL PRODUCTIVITY |
| 942 ## - ADDED ENTRY ELEMENTS (KOHA) | |
| Source of classification or shelving scheme | |
| Koha item type | MONOGRAPH |
| Withdrawn status | Lost status | Source of classification or shelving scheme | Damaged status | Not for loan | Collection code | Permanent Location | Current Location | Shelving location | Date acquired | Source of acquisition | Cost, normal purchase price | Full call number | Barcode | Date last seen | Copy number | Cost, replacement price | Price effective from | Koha item type | Total Checkouts | Date checked out |
|---|---|---|---|---|---|---|---|---|---|---|---|---|---|---|---|---|---|---|---|---|
| Mpika Library Collection | CBU-MPIKA LIBRARY, MPIKA CAMPUS. | CBU-MAIN LIBRARY, KITWE. | General Stacks | 06/05/2023 | DON-BOOKAID | 72.00 | T 58.8 Usu | 752317 | 06/05/2023 | 1 | 86.00 | 06/05/2023 | MONOGRAPH | |||||||
| Mpika Library Collection | CBU-MPIKA LIBRARY, MPIKA CAMPUS. | CBU-MAIN LIBRARY, KITWE. | General Stacks | 06/05/2023 | DON-BOOKAID | 72.00 | T 58.8 Usu | 752318 | 06/05/2023 | 2 | 86.00 | 06/05/2023 | MONOGRAPH | |||||||
| Mpika Library Collection | CBU-MPIKA LIBRARY, MPIKA CAMPUS. | CBU-MAIN LIBRARY, KITWE. | General Stacks | 08/30/2023 | DON-BOOKAID | 72.00 | T 58.8 Usu | 752319 | 08/30/2023 | 3 | 86.00 | 08/30/2023 | MONOGRAPH | |||||||
| Main Library Open Access Collection | CBU-MAIN LIBRARY, KITWE. | CBU-MAIN LIBRARY, KITWE. | General Stacks | 10/25/2023 | DON-BOOKAID | 79.00 | T 58.8 Usu | 752316 | 02/28/2024 | 4 | 10/25/2023 | MONOGRAPH | 1 | 02/21/2024 |